000 00542cam a2200181 4500500
005 20260329002557.0
041 _afre
042 _adc
100 1 0 _aTenaillon, Nicolas
_eauthor
245 0 0 _aManifeste incertain T1
260 _c2012.
500 _a13
690 _aFrédéric Pajak
690 _aPajak
690 _aWalter Benjamin
786 0 _nPhilosophie magazine | 65 | 12 | 2012-12-01 | p. 55-55 | 1951-1787
856 4 1 _uhttps://shs.cairn.info/magazine-philosophie-magazine-2012-12-page-55?lang=fr&redirect-ssocas=7080
999 _c1816300
_d1816300